000 01167nam0a22002771 4500
001 rc\14876
005 20250620114643.0
010 _a5-7011-0088-X
_9300
035 _a(NLR Aleph) 005303211
090 _a6310352
_c6310352
100 _a20021204d1995 |||y0rusy50 ca
101 0 _arus
102 _aRU
105 _aa |||||||||
200 1 _aКомпрессоры, насосы и вентиляторы
_eКурс лекций для специализации "Эксплуатация тепловых, холодил., газовых и вентиляц. установок" специальности 31.19 "Механизация сел. хоз-ва"
210 _aСаратов
_cСарат. с.-х. акад.
_d1995
215 _a223, [2] с.
_cил.
_d21
300 _aАвт. указан на обороте тит. л.
320 _aБиблиогр.: с. 224 (7 назв.)
700 1 _aАнтропов
_bП. Г.
_cканд. техн. наук
_gПавел Георгиевич
_9200423
_3RU\NLR\AUTH\770200474
801 0 _aRU
_bNLR
_gpsbo
801 1 _aRU
_bELAR
_2rusmarc
852 _aNLR
_j96-3/11356
942 _cBOOK
980 _aNB